| 000 | 00514nam a22001937a 4500 | ||
|---|---|---|---|
| 003 | OSt | ||
| 005 | 20160203190730.0 | ||
| 008 | 160203b xxu||||| |||| 00| 0 eng d | ||
| 020 | _a1555878830 | ||
| 040 | _cDDC. | ||
| 082 | _a355.02REN 1998 | ||
| 100 |
_aReno,William; _96694 |
||
| 245 | _aWarlord Politics andn African States. | ||
| 260 |
_aLondon, _bLynne Rienner; _c1998. |
||
| 300 |
_axii,257p; _bill; _c20cm |
||
| 504 | _aincludes Bibliography and index. | ||
| 650 |
_aPolitical. _96695 |
||
| 942 |
_2ddc _cSLOAN |
||
| 999 |
_c2955 _d2955 |
||